000 00392pab a2200157 454500
008 180718b2015 xxu||||| |||| 00| 0 eng d
100 _aGandhi, Gopalkrishna
245 _aBeginning once again - the CPI-M has a new struggle ahead
260 _c2015
300 _ap.7-9.
362 _a9 May
650 _aCPI-M
650 _aPolitical parties
773 _aMainstream
909 _a107876
999 _c107871
_d107871